Statistics for European Cities by Map #1

Click here to take the quiz!

General Stats

  • This quiz has been taken 17,597 times
    (17,588 since last reset)
  • The average score is 24 of 35

Answer Stats

City % Correct
Paris
96%
Rome
95%
Moscow
93%
Lisbon
93%
Athens
91%
Amsterdam
87%
Warsaw
86%
Stockholm
86%
Istanbul
84%
Belfast
81%
Glasgow
81%
Venice
76%
Bucharest
74%
Nice
74%
Tallinn
73%
Minsk
73%
Hamburg
72%
Sofia
71%
Copenhagen
71%
Zurich
71%
Frankfurt
70%
Birmingham
69%
Lyon
69%
Zagreb
69%
Porto
67%
Belgrade
63%
Bratislava
59%
Valencia
59%
Bordeaux
53%
Bilbao
50%
Salzburg
48%
Bergen
48%
Odessa
40%
Catania
21%
Oulu
19%

Score Distribution

Percentile by Number Answered

Percent of People with Each Score

Your Score History

You have not taken this quiz since the last reset